No Uncertain sound / (Record no. 5815)

MARC details
000 -LEADER
fixed length control field 00486nam a22001817a 4500
003 - CONTROL NUMBER IDENTIFIER
control field GBCCL
005 - DATE AND TIME OF LATEST TRANSACTION
control field 20241126110550.0
008 - FIXED-LENGTH DATA ELEMENTS--GENERAL INFORMATION
fixed length control field 180409b ||||| |||| 00| 0 eng d
040 ## - CATALOGING SOURCE
Transcribing agency gbc
082 ## - DEWEY DECIMAL CLASSIFICATION NUMBER
Classification number 813.54
Item number PRO
100 ## - MAIN ENTRY--PERSONAL NAME
Personal name Proctor, Lillian C.
9 (RLIN) 10525
245 ## - TITLE STATEMENT
Title No Uncertain sound /
Statement of responsibility, etc. Lillian C. Proctor
250 ## - EDITION STATEMENT
Edition statement One Evening ed.
260 ## - PUBLICATION, DISTRIBUTION, ETC.
Place of publication, distribution, etc. Westchester:
Name of publisher, distributor, etc. Good News Publishers,
Date of publication, distribution, etc. 1968
300 ## - PHYSICAL DESCRIPTION
Extent 64 p.;
Dimensions 19 cm.
650 ## - SUBJECT ADDED ENTRY--TOPICAL TERM
Topical term or geographic name entry element Fiction
Form subdivision English
9 (RLIN) 10450
942 ## - ADDED ENTRY ELEMENTS (KOHA)
Source of classification or shelving scheme Dewey Decimal Classification
Koha item type Books
Holdings
Withdrawn status Lost status Source of classification or shelving scheme Damaged status Not for loan Home library Current Library Shelving location Date acquired Total checkouts Full call number Barcode Date last seen Copy number Price effective from Koha item type
    Dewey Decimal Classification     GRACE BIBLE COLLEGE GRACE BIBLE COLLEGE General Studies 2018-04-09   813.54 PRO 002375 2025-05-01 c.1 2018-04-09 Books
© Grace Bible College Library 2025